Les 15 pays d'Afrique les plus peuplés - Statistiques

Statistiques générales
  • Ce quiz a été pris 142 fois
  • Le résultat moyen est 13 sur 15
Statistiques - réponses
Population Pays % Correct
109,3M République démocratique du Congo
99%
64,01M Afrique du Sud
98%
46,81M Algérie
96%
116,5M Égypte
96%
38,08M Maroc
96%
232,7M Nigeria
96%
50,45M Soudan
94%
132,1M Éthiopie
93%
56,43M Kenya
93%
68,56M Tanzanie
86%
37,89M Angola
82%
31,96M Madagascar
79%
34,63M Mozambique
79%
50,02M Ouganda
76%
34,43M Ghana
67%
Aucun quiz correspondant
Distribution des résultats
% des personnes avec chaque résultat
Percentile par nombre de réponses
Votre historique - résultats
Vous n’avez pas pris ce quiz